World Geography IQ #2 - Statistics

General Stats
  • This quiz has been taken 940 times
  • The average score is 17 of 18
Answer Stats
Hint Answer % Correct
Manaus, Sao Paulo, Brasilia Brazil
99%
Milan, Palermo, Florence Italy
98%
Hamburg, Munich, Bonn Germany
97%
Bangalore, Calcutta, Mumbai India
97%
Osaka, Kobe, Yokohama Japan
96%
Lyon, Marseille, Cannes France
95%
Warsaw, Krakow, Gdansk Poland
95%
Boston, New York City, Chicago USA
95%
Bilbao, Valencia, Seville Spain
94%
Adelaide, Brisbane, Darwin Australia
93%
Vladivostock, Nizhny Novgorod, Samara Russia
92%
Aberdeen, York, Belfast UK
92%
Iqaluit, Edmonton, Winnipeg Canada
90%
Monterrey, Guadalajara,Tijuana Mexico
90%
Lahore, Karachi, Islamabad Pakistan
89%
Graz, Salzburg, Linz Austria
88%
Lhasa, Chongqing, Harbin China
84%
Abuja, Lagos, Kaduna Nigeria
82%
No matching quizzes found
Score Distribution
Percent of People with Each Score
Percentile by Number Answered
Your Score History
You have not taken this quiz